[Event "Nordic-ch Seniors"]
[Site "Sarpsborg"]
[Date "2019.06.25"]
[Round "7"]
[White "Dogani, Avduraim"]
[Black "Hauge, Tor Arne"]
[Result "1-0"]
[WhiteElo "2107"]
[BlackElo "2022"]
[PlyCount "106"]
[EventDate "2019.06.21"]
[EventType "swiss"]
[EventRounds "9"]
[EventCountry "NOR"]
[SourceTitle "EXT 2020"]
[Source "ChessBase"]
[SourceDate "2019.10.17"]
[SourceVersion "1"]
[SourceVersionDate "2019.10.17"]
[SourceQuality "1"]

1. e4 d5 2. e5 c5 3. f4 Nc6 4. Nf3 Bg4 5. c3 e6 6. Na3 Bxf3 7. Qxf3 a6 8. Be2 Nh6 9. Nc2 Be7 10. Ne3 0-0 11. Qh3 d4 12. Nd1 Bh4+ 13. g3 Be7 14. Nf2 Nf5 15. Bd3 f6 16. g4 Nh6 17. exf6 Bxf6 18. g5 Bxg5 19. fxg5 Qxg5 20. Qg3 Qh5 21. Be4 Ne5 22. Qh3 Nf3+ 23. Bxf3 Qxh3 24. Nxh3 Rxf3 25. Ng5 Rd3 26. cxd4 Rxd4 27. Kd1 Ng4 28. Kc2 Re8 29. b3 Nf2 30. Re1 e5 31. Re2 Nd3 32. a3 e4 33. Bb2 Nxb2 34. Kxb2 h6 35. Nf3 Rd3 36. Ne1 Rh3 37. Nc2 g5 38. Rae1 Kf7 39. Rf1+ Kg6 40. Ref2 Re6 41. Ne3 h5 42. Rg1 Re5 43. Rgf1 Re6 44. a4 b5 45. Kc2 g4 46. Nd5 Rf3 47. Nf4+ Kf5 48. Nxe6 Kxe6 49. axb5 axb5 50. Rxf3 exf3 51. Kd3 Ke5 52. Ke3 h4 53. h3 Kd5 1-0

[Event "NOR Ostfold-ch"]
[Site "Halden"]
[Date "2013.02.24"]
[Round "5"]
[White "Dogani, Avduraim"]
[Black "Fjellengen, Bard"]
[Result "1-0"]
[WhiteElo "1876"]
[BlackElo "1727"]
[PlyCount "67"]
[EventDate "2013.02.23"]
[EventType "swiss"]
[EventRounds "6"]
[EventCountry "NOR"]
[SourceTitle "EXT 2024"]
[Source "ChessBase"]
[SourceDate "2023.10.10"]
[SourceVersion "1"]
[SourceVersionDate "2023.10.10"]
[SourceQuality "1"]

1. d4 Nf6 2. Nf3 g6 3. c4 Bg7 4. Nc3 d5 5. Bf4 c6 6. e3 0-0 7. h3 Qa5 8. Nd2 Nbd7 9. Be2 Re8 10. Nb3 Qd8 11. cxd5 Nxd5 12. Nxd5 cxd5 13. 0-0 e5 14. dxe5 Nxe5 15. Bb5 Rf8 16. Rc1 a6 17. Be2 b6 18. Nd4 Bb7 19. Qb3 b5 20. a4 Nc4 21. Qb4 Qd7 22. b3 a5 23. Qxb5 Qxb5 24. Nxb5 Nd2 25. Rfd1 Nxb3 26. Rc7 Ba6 27. Rxd5 Rad8 28. Rxd8 Rxd8 29. Bc4 Nd2 30. Bxf7+ Kh8 31. Nd4 Rb8 32. Rc1 Rf8 33. Rc7 Rb8 34. Nb5 1-0

[Event "Ostfold-ch"]
[Site "Moss"]
[Date "2003.03.01"]
[Round "3"]
[White "Dogani, Avduraim"]
[Black "Fjellengen, Bard"]
[Result "1-0"]
[WhiteElo "1828"]
[BlackElo "1657"]
[PlyCount "61"]
[EventDate "2003.03.01"]
[EventType "swiss"]
[EventRounds "6"]
[EventCountry "NOR"]
[SourceTitle "EXT 2008"]
[Source "ChessBase"]
[SourceDate "2007.11.25"]
[SourceVersion "1"]
[SourceVersionDate "2007.11.25"]
[SourceQuality "1"]

1. e4 e6 2. d4 d5 3. e5 c5 4. c3 Nc6 5. Nf3 Qb6 6. Be2 Nge7 7. Na3 cxd4 8. cxd4 Nf5 9. Nc2 Be7 10. h4 h5 11. g3 Bd7 12. 0-0 Rc8 13. b3 a6 14. Bb2 a5 15. Bd3 a4 16. Bxf5 exf5 17. Ne3 Be6 18. Ng2 a3 19. Bc1 Nb4 20. Bxa3 Nc2 21. Bxe7 Kxe7 22. Rc1 Nb4 23. Qd2 f6 24. Nf4 Kf7 25. Rfe1 Rxc1 26. Rxc1 Ra8 27. exf6 Rxa2 28. Ne5+ Kg8 29. Nxe6 Rxd2 30. f7+ Kh7 31. Ng5+ 1-0

[Event "Fredrikstad CC-ch"]
[Site "Fredrikstad"]
[Date "2003.01.15"]
[Round "1"]
[White "Nilsen, Kai"]
[Black "Dogani, Avduraim"]
[Result "0-1"]
[WhiteElo "1508"]
[BlackElo "1828"]
[PlyCount "72"]
[EventDate "2003.01.??"]
[EventType "swiss"]
[EventRounds "11"]
[EventCountry "NOR"]
[SourceTitle "EXT 2005"]
[Source "ChessBase"]
[SourceDate "2004.11.15"]
[SourceVersion "1"]
[SourceVersionDate "2004.11.15"]
[SourceQuality "1"]

1. e4 c5 2. Nf3 Nc6 3. d4 cxd4 4. Nxd4 Nf6 5. Nc3 g6 6. Be2 Bg7 7. Be3 0-0 8. 0-0 d5 9. exd5 Nb4 10. Bf3 Nbxd5 11. Nxd5 Nxd5 12. Bxd5 Qxd5 13. c3 b6 14. Qf3 Qxf3 15. Nxf3 Bg4 16. Nd4 Rfd8 17. h3 Bd7 18. Rfd1 Ba4 19. Nb3 f5 20. Kf1 e5 21. g3 h6 22. h4 Bc6 23. Ke2 Kf7 24. Rd2 Rxd2+ 25. Nxd2 Rd8 26. f3 Bb5+ 27. Ke1 Rd3 28. Kf2 Kf6 29. a4 Ba6 30. a5 b5 31. Rc1 g5 32. Ke2 Rd7 33. hxg5+ hxg5 34. Rd1 f4 35. gxf4 exf4 36. Bxa7 b4+ 0-1

[Event "Fredrikstad Hostturnering"]
[Site "Fredrikstad"]
[Date "2002.10.23"]
[Round "6"]
[White "Dogani, Avduraim"]
[Black "Lunde, Sigmund"]
[Result "1/2-1/2"]
[WhiteElo "1844"]
[BlackElo "1666"]
[PlyCount "129"]
[EventDate "2002.09.??"]
[EventType "swiss"]
[EventRounds "9"]
[EventCountry "NOR"]
[SourceTitle "EXT 2005"]
[Source "ChessBase"]
[SourceDate "2004.11.15"]
[SourceVersion "1"]
[SourceVersionDate "2004.11.15"]
[SourceQuality "1"]

1. e4 c5 2. Nf3 Nc6 3. d4 cxd4 4. Nxd4 Nf6 5. Nc3 a6 6. Bc4 Qb6 7. Nxc6 dxc6 8. Bb3 e5 9. Be3 Qc7 10. a3 b5 11. h3 a5 12. 0-0 Ba6 13. Re1 Be7 14. Qf3 0-0 15. Ne2 c5 16. Ng3 c4 17. Ba2 Bb7 18. c3 Nxe4 19. Nxe4 f5 20. Bb1 fxe4 21. Qg4 Qc8 22. Qg3 Qe6 23. Bc2 a4 24. Rad1 Rad8 25. Rxd8 Rxd8 26. Bd1 Qf6 27. h4 Qxh4 28. Qxe5 Bd6 29. Qh5 Qxh5 30. Bxh5 g6 31. Bg5 Re8 32. Bg4 Bc6 33. Rd1 Be7 34. Bxe7 Rxe7 35. Rd6 Rc7 36. Be6+ Kf8 37. Bd5 Bxd5 38. Rxd5 Rb7 39. Kf1 Kf7 40. Ke2 Ke6 41. Rd4 Kf5 42. Ke3 Re7 43. Rd5+ Re5 44. Rd8 h5 45. Kd4 Re7 46. Rd5+ Kf4 47. Rd6 g5 48. Rf6+ Kg4 49. Rb6 Rf7 50. Ke3 Rf5 51. Re6 Rd5 52. Rf6 h4 53. Ke2 Rd3 54. Rb6 Rd5 55. Ke3 Rd3+ 56. Kxe4 Rd2 57. f3+ Kg3 58. Rxb5 Re2+ 59. Kd4 Kxg2 60. Kxc4 Kxf3 61. Rxg5 Rxb2 62. Kd4 Rb3 63. c4 Rxa3 64. c5 Ra1 65. c6 1/2-1/2

[Event "Fredrikstad Hostturnering"]
[Site "Fredrikstad"]
[Date "2002.09.18"]
[Round "3"]
[White "Lomo, Markus"]
[Black "Dogani, Avduraim"]
[Result "0-1"]
[WhiteElo "1831"]
[BlackElo "1844"]
[PlyCount "118"]
[EventDate "2002.09.??"]
[EventType "swiss"]
[EventRounds "9"]
[EventCountry "NOR"]
[SourceTitle "EXT 2005"]
[Source "ChessBase"]
[SourceDate "2004.11.15"]
[SourceVersion "1"]
[SourceVersionDate "2004.11.15"]
[SourceQuality "1"]

1. Nf3 b6 2. g3 Bb7 3. Bg2 Nc6 4. 0-0 e6 5. e4 h5 6. d4 h4 7. d5 Nce7 8. Nxh4 Rxh4 9. gxh4 Ng6 10. dxe6 fxe6 11. Qh5 Kf7 12. Bg5 Nf6 13. Bxf6 gxf6 14. f4 Bc5+ 15. Kh1 Qh8 16. Qxh8 Rxh8 17. e5 Ba6 18. Rd1 d6 19. exd6 Bxd6 20. f5 Nf4 21. fxe6+ Ke7 22. Bf3 Rxh4 23. Nc3 Nxe6 24. Rd2 Rh3 25. Bc6 Be5 26. Nd5+ Kf7 27. c3 Nd8 28. Nb4 Nxc6 29. Nxa6 Ne7 30. Nb4 a5 31. Nd3 Bd6 32. Rad1 Nf5 33. Nc1 Ne3 34. Rxd6 cxd6 35. Rxd6 Rf3 36. Ne2 Rf2 37. Rd2 f5 38. b4 axb4 39. cxb4 f4 40. Rd4 Rxe2 41. Rxf4+ Kg6 42. h4 Rxa2 43. Re4 Nd5 44. Rd4 Ne3 45. Rd6+ Kf5 46. Rxb6 Kf4 47. b5 Kg3 48. Ra6 Rb2 49. Ra1 Rxb5 50. Kg1 Rb2 51. h5 Rg2+ 52. Kh1 Rh2+ 53. Kg1 Rxh5 54. Ra8 Rg5 55. Rh8 Kf3+ 56. Kh1 Ra5 57. Rf8+ Kg3 58. Rg8+ Ng4 59. Kg1 Ra1# 0-1

[Event "Fredrikstad CC-ch"]
[Site "Fredrikstad"]
[Date "2002.04.10"]
[Round "10"]
[White "Nilsen, Kai"]
[Black "Dogani, Avduraim"]
[Result "0-1"]
[WhiteElo "1533"]
[BlackElo "1770"]
[PlyCount "60"]
[EventDate "2002.01.??"]
[EventType "swiss"]
[EventRounds "11"]
[EventCountry "NOR"]
[SourceTitle "EXT 2005"]
[Source "ChessBase"]
[SourceDate "2004.11.15"]
[SourceVersion "1"]
[SourceVersionDate "2004.11.15"]
[SourceQuality "1"]

1. e4 e5 2. Nf3 Nf6 3. Nc3 d6 4. d4 exd4 5. Nxd4 Be7 6. Be2 0-0 7. Be3 a6 8. f4 b5 9. Bf3 c5 10. e5 dxe5 11. fxe5 Ng4 12. Bxg4 cxd4 13. Bf3 Ra7 14. Bxd4 Rd7 15. Ne2 Bc5 16. c3 Qh4+ 17. g3 Qh3 18. Nf4 Qh6 19. Bg4 Rxd4 20. cxd4 Bxg4 21. Qxg4 Bxd4 22. Rc1 Qb6 23. Nh5 Bxe5 24. Kf1 Qb7 25. Rg1 g6 26. Nf4 Nd7 27. Rg2 Nf6 28. Qe2 Re8 29. Qc2 Ng4 30. Re2 Qh1# 0-1

[Event "Fredrikstad CC-ch"]
[Site "Fredrikstad"]
[Date "2002.02.27"]
[Round "5"]
[White "Dogani, Avduraim"]
[Black "Ludvigsen, Jan Helge"]
[Result "1-0"]
[WhiteElo "1770"]
[BlackElo "1563"]
[PlyCount "49"]
[EventDate "2002.01.??"]
[EventType "swiss"]
[EventRounds "11"]
[EventCountry "NOR"]
[SourceTitle "EXT 2005"]
[Source "ChessBase"]
[SourceDate "2004.11.15"]
[SourceVersion "1"]
[SourceVersionDate "2004.11.15"]
[SourceQuality "1"]

1. e4 c5 2. Nf3 d6 3. d4 cxd4 4. Nxd4 Nf6 5. Nc3 g6 6. f3 Bg7 7. Be3 0-0 8. Qd2 Nc6 9. 0-0-0 d5 10. Kb1 Nxd4 11. Bxd4 dxe4 12. h4 exf3 13. gxf3 Qa5 14. Bc4 h5 15. Nd5 Qxd2 16. Nxe7+ Kh7 17. Rxd2 a6 18. Rg1 b5 19. Bb3 Bb7 20. Bxf6 Bxf6 21. Rd7 Bxf3 22. Nxg6 Rg8 23. Rxf7+ Kh6 24. Rxf6 Rg7 25. Nf8+ 1-0

[Event "Fredrikstad CC-ch"]
[Site "Fredrikstad"]
[Date "2001.??.??"]
[Round "5"]
[White "Saether, Steinar"]
[Black "Dogani, Avduraim"]
[Result "0-1"]
[WhiteElo "1600"]
[BlackElo "1700"]
[PlyCount "56"]
[EventDate "2001.01.??"]
[EventType "swiss"]
[EventRounds "8"]
[EventCountry "NOR"]
[SourceTitle "EXT 2005"]
[Source "ChessBase"]
[SourceDate "2004.11.15"]
[SourceVersion "1"]
[SourceVersionDate "2004.11.15"]
[SourceQuality "1"]

1. e4 e5 2. Nf3 Nc6 3. d4 exd4 4. Nxd4 Bc5 5. Nb3 Bb6 6. a4 Qf6 7. Qe2 Nge7 8. Nc3 0-0 9. Be3 d6 10. Bxb6 axb6 11. Qd2 Be6 12. Bd3 Ne5 13. Be2 N7g6 14. Nd4 Nf4 15. Rg1 Bc4 16. b3 Bxe2 17. Ncxe2 Nxe2 18. Qxe2 c5 19. Nb5 Nf3+ 20. Qxf3 Qxa1+ 21. Qd1 Qe5 22. f3 Qxh2 23. Kf2 Rad8 24. Rh1 Qe5 25. Rh4 d5 26. Qh1 dxe4 27. Rxe4 Rd2+ 28. Ke3 Qg5+ 0-1